logo

Bir Sreshtho Munshi Abdur Rouf Library
Jhenaidah Cadet College

The Chittagong Hill Tracts : (Record no. 1547)

MARC details
000 -LEADER
fixed length control field 01085cam a2200277 a 4500
001 - CONTROL NUMBER
JCCL Control Number 1547
003 - CONTROL NUMBER IDENTIFIER
JCCL marc code BD-JhCC
005 - DATE AND TIME OF LATEST TRANSACTION
control field 20171021190638.0
008 - FIXED-LENGTH DATA ELEMENTS--GENERAL INFORMATION
fixed length control field 010829s2000 bg ab 000 0 eng
020 ## - INTERNATIONAL STANDARD BOOK NUMBER
International Standard Book Number 9844940117
035 ## - SYSTEM CONTROL NUMBER
system control number (BD-JhCC)1547
040 ## - CATALOGING SOURCE
Original cataloging agency DLC
Transcribing agency DLC
Modifying agency DLC
-- BD-JhCC
041 ## - LANGUAGE CODE
Language code of Book eng
050 #4 - LIBRARY OF CONGRESS CALL NUMBER
Classification number DS396.8.C45 C4635 2000
082 ## - DEWEY DECIMAL CLASSIFICATION NUMBER
Classification number 954.92305
Author mark and Year CHI 2000
245 04 - TITLE STATEMENT
Title The Chittagong Hill Tracts :
Remainder of title life and nature at risk /
Statement of responsibility, etc [contributors], Raja Devasish Roy ... [et al.] ; photography and editing, Philip Gain.
260 ## - PUBLICATION, DISTRIBUTION, ETC. (IMPRINT)
Place of publication, distribution, etc Dhaka :
Name of publisher, distributor, etc Society for Environment and Human Development,
Date of publication, distribution, etc 2000.
300 ## - PHYSICAL DESCRIPTION
Pagination 121 p. :
Other physical details ill. (some col.), map ;
Dimensions 26 cm.
651 #0 - SUBJECT ADDED ENTRY--GEOGRAPHIC NAME
Geographic name Chittagong Hill Tracts (Bangladesh : Region)
General subdivision Social conditions.
651 #0 - SUBJECT ADDED ENTRY--GEOGRAPHIC NAME
Geographic name Chittagong Hill Tracts (Bangladesh : Region)
General subdivision Politics and government.
651 #0 - SUBJECT ADDED ENTRY--GEOGRAPHIC NAME
Geographic name Chittagong Hill Tracts (Bangladesh : Region)
General subdivision Economic conditions.
700 1# - ADDED ENTRY--PERSONAL NAME
Personal name Roy, Devasish,
Titles and other words associated with a name Raja.
700 1# - ADDED ENTRY--PERSONAL NAME
Personal name Gain, Philip.
710 2# - ADDED ENTRY--CORPORATE NAME
Corporate name or jurisdiction name as entry element Society for Environment and Human Development (Dhaka, Bangladesh)
942 ## - ADDED ENTRY ELEMENTS (KOHA)
Source of classification or shelving scheme Dewey Decimal Classification
Koha item type Books
Holdings
Source of classification or shelving scheme Damaged status Not for loan Home library Current library Shelving location Date of accession Cost, normal purchase price Total Checkouts Full call number Barcode Date last seen Copy number Koha item type
Dewey Decimal Classification     JCC Rouf Library JCC Rouf Library General Stacks 10/21/2017 500.00   954.92305 CHI 2000 2723 10/21/2017 C-1 Books
Dewey Decimal Classification     JCC Rouf Library JCC Rouf Library General Stacks 10/21/2017 500.00   954.92305 CHI 2000 2724 10/21/2017 C-2 Books

JCC Library | Contacts | JCC Home

Last Update on 23 September 2017
Copyright @ 2017-2020 JCC Rouf Library
Rouf Library, Jhenidah Cadet College (JCC), Bangladesh